Words Ending in "IST" #2 - Statistics

General Stats
  • This quiz has been taken 43,964 times
    39,918 since last reset
  • The average score is 12 of 20
Answer Stats
One who... Is a... % Correct
Paints or sculpts {Art}ist
97%
Casts out demons {Exor}cist
86%
Rides a two-wheeled vehicle {Cycl}ist
82%
Has a positive life outlook {Optim}ist
81%
Writes the words for songs {Lyric}ist
78%
Enjoys feeling pain {Maso}chist
78%
Doesn't believe in government or laws {Anarch}ist
68%
Makes things appear to disappear {Illusion}ist
66%
Cuts hair {Styl}ist
66%
Passes off another's work as one's own {Plagiar}ist
61%
Makes cocktails {Mix}ologist
58%
Believes in free markets {Capital}ist
57%
Hates women {Misogyn}ist
55%
Is paid to influence government officials {Lobby}ist
53%
Advances to the final four {Semifinal}ist
50%
Pursues pleasure above all else {Hedon}ist
48%
Eschews clothing {Nud}ist
47%
Studies birds {Ornith}ologist
44%
Paints using small dots of color {Point}illist
38%
Draws blood {Phlebotom}ist
27%
No matching quizzes found
Score Distribution
Percent of People with Each Score
Percentile by Number Answered
Your Score History
You have not taken this quiz since the last reset